000
00283nam a22001337a 4500
008
181018b xxu||||| |||| 00| 0 eng d
020
_a
9781581500325
041
_a
eng
080
_a
591
100
_a
7
101
_a
ZOO
245
_a
The Equine Eye
_c
Ball.M.A
942
_2
udc
_c
BK
999
_c
50101
_d
50101